000 00381nam a2200133Ia 4500
008 220204s9999 xx 000 0 und d
082 _a631.4:55
_bHUN
100 _aHUNT, Charles B
245 0 _aGeology of soils: Their evolution classification and uses.
260 _aSan Franscisco
_bW H Freeman
_c1972
650 _aSoil classification
650 _aSoil evolution
942 _cBK
999 _c22367
_d22367